[Event "2nd Bundesliga Ost 2005-6"]
[Site "Austria AUT"]
[Date "2006.01.14"]
[Round "5"]
[White "Zsifkovits,R"]
[Black "Holemar,D"]
[Result "1/2-1/2"]
[WhiteElo "2224"]
[BlackElo "2287"]

1.e4 c5 2.Nf3 d6 3.Bb5+ Nc6 4.O-O Bd7 5.c3 a6 6.Ba4 Nf6 7.Re1 e6 8.d4 cxd4
9.cxd4 d5 10.e5 Ne4 11.Nbd2 Nxd2 12.Bxd2 Nb4 13.Bxb4 Bxb4 14.Re2 Qa5 15.Bxd7+ Kxd7
16.a3 Be7 17.Rc1 Rhc8 18.Rec2 Qd8 19.h3 Rxc2 20.Rxc2 Rc8 21.Qd3 g6 22.Qb3 Rxc2
23.Qxc2 Qb6 24.Qd2 Qb3 25.Qc1 h5 26.Qd2 Qa2 27.Qc1 Qb3 28.Qd2 b6 29.Qc1 Qd3
30.Kh2 b5 31.Qf4 Qf5 32.Qd2 g5 33.Ne1 g4 34.hxg4 hxg4 35.g3 Bg5 36.Qc2 Qxc2
37.Nxc2 a5 38.b3 a4 39.b4 f6 40.exf6 Bxf6 41.Kg2 e5 42.dxe5 Bxe5 43.f4 gxf3+
44.Kxf3 Bb2 45.Ke3 Ke7 46.Kd3 Kf6 47.Nd4 Bxa3 48.Kc3 Ke5 49.Nxb5 d4+ 50.Nxd4 Bxb4+  1/2-1/2

[Event "4NCL 2005-06"]
[Site "Birmingham ENG"]
[Date "2006.01.14"]
[Round "5"]
[White "Quillan,G"]
[Black "Gordon,S"]
[Result "0-1"]
[WhiteElo "2356"]
[BlackElo "2411"]

1.e4 c5 2.Nf3 d6 3.Bb5+ Bd7 4.Bxd7+ Nxd7 5.c4 Ne5 6.d3 e6 7.O-O Be7 8.Nc3 Bf6
9.Nxe5 dxe5 10.Qa4+ Qd7 11.Nb5 Kf8 12.Qa3 b6 13.f4 Ne7 14.Be3 exf4 15.Bxf4 Ng6
16.Bg3 Kg8 17.Rad1 h5 18.h3 h4 19.Bh2 Rh5 20.Kh1 Rg5 21.b4 a6 22.bxc5 bxc5
23.Nc7 Ra7 24.Rxf6 gxf6  0-1

[Event "Open"]
[Site "Zagreb CRO"]
[Date "2006.01.16"]
[Round "3"]
[White "Kosanski,S"]
[Black "Fercec,N"]
[Result "1/2-1/2"]
[WhiteElo "2376"]
[BlackElo "2512"]

1.e4 c5 2.Nf3 d6 3.Bb5+ Nc6 4.O-O Bd7 5.Re1 Nf6 6.h3 a6 7.Bf1 e5 8.c3 Be7
9.d4 O-O 10.d5 Nb8 11.a4 Ne8 12.c4 a5 13.Nc3 g6 14.Bh6 Ng7 15.Qd2 Bc8 16.Nh2 Nd7
17.f4 Bh4 18.Red1 exf4 19.Qxf4 Nh5 20.Qd2 Re8 21.Nf3 Bf6 22.Re1 Ne5 23.Be2 Ng3
24.Bf4 Nxe2+ 25.Qxe2 Bd7 26.Rf1 Qe7 27.Rae1 Rf8 28.Bxe5 Bxe5 29.Nxe5 Qxe5
30.Qf2 f6 31.Re3 Rac8 32.Rf3 Kg7 33.b3 f5 34.exf5 Rxf5 35.Rxf5 Bxf5 36.Nb5 h5
37.Qf4 Qxf4 38.Rxf4 Rd8 39.g4 hxg4 40.hxg4 Bc2 41.Nc7 Kg8 42.Ne6 Re8 43.Rf3 Re7
44.Rf8+ Kh7 45.Rf3 Kg8 46.Rf8+ Kh7 47.Rf3 Kg8  1/2-1/2

[Event "4th Parsvnath Open"]
[Site "New Delhi IND"]
[Date "2006.01.17"]
[Round "4"]
[White "Venkatesh,M"]
[Black "Arun Prasad,S"]
[Result "0-1"]
[WhiteElo "2438"]
[BlackElo "2384"]

1.e4 c5 2.Nf3 d6 3.Bb5+ Bd7 4.Bxd7+ Qxd7 5.c4 Nc6 6.Nc3 g6 7.d4 cxd4 8.Nxd4 Bg7
9.Be3 Nf6 10.f3 O-O 11.Nde2 a6 12.O-O Na5 13.Qd3 Rab8 14.Bb6 Nc6 15.b3 Qe8
16.a4 Nd7 17.Bf2 Nc5 18.Qd1 a5 19.Rb1 Nb4 20.Qd2 b6 21.Nd5 Nc6 22.Nd4 Ne5
23.Bh4 Rb7 24.Kh1 Ne6 25.Nb5 Nc6 26.f4 Nc5 27.Rfe1 Kh8 28.f5 f6 29.Bf2 Qd7
30.fxg6 hxg6 31.Nxb6 Qg4 32.Bxc5 dxc5 33.Nd5 e6 34.Ne3 Qf4 35.Rf1 Qb8 36.Qe2 Ne5
37.Rbd1 Bh6 38.Ng4 Rh7 39.Nxh6 Rxh6 40.h3 g5 41.Qd2 Rh4 42.Qe1 Qb7 43.Qg3 Qh7
44.Nd6 Ng6 45.e5 Nf4 46.Rf3 fxe5 47.Qxg5 Rh5 48.Qg4 Rg8 49.Rxf4 Rxg4 50.Nf7+ Kg7
51.Rxg4+ Kf6 52.Rf1+ Rf5 53.Rxf5+ exf5 54.Ng5 Qh5 55.Rg3 Qh4 56.Kh2 e4  0-1

[Event "4th Parsvnath Open"]
[Site "New Delhi IND"]
[Date "2006.01.17"]
[Round "5"]
[White "Rathnakaran,K"]
[Black "Ibraev,N"]
[Result "1/2-1/2"]
[WhiteElo "2408"]
[BlackElo "2523"]

1.e4 c5 2.Nf3 d6 3.Bb5+ Bd7 4.Bxd7+ Nxd7 5.O-O Ngf6 6.Re1 e6 7.c3 Be7 8.d4 cxd4
9.cxd4 d5 10.e5 Ne4 11.Nbd2 Nxd2 12.Bxd2 O-O 13.Qb3 Qb6 14.Qxb6 Nxb6 15.Bg5 Bxg5
16.Nxg5 Rfc8 17.Rec1 Nc4 18.Rc2 Rc6 19.Re2 Rac8 20.f4 Na5 21.g4 h6 22.Nf3 Rc2
23.Rae1 R8c4 24.Kf2 Nc6 25.Ke3 Kf8 26.a3 Rxe2+ 27.Rxe2 a5  1/2-1/2

[Event "Open"]
[Site "Zagreb CRO"]
[Date "2006.01.17"]
[Round "4"]
[White "Majeric,Z"]
[Black "Brajdic,D"]
[Result "1/2-1/2"]
[WhiteElo "2345"]
[BlackElo "2148"]

1.e4 c5 2.Nf3 d6 3.Bb5+ Bd7 4.Bxd7+ Qxd7 5.O-O Nf6 6.Qe2 Nc6 7.Rd1 Qg4 8.d3 Ne5
9.Nbd2 Nh5 10.h3 Nf4 11.hxg4 Nxe2+ 12.Kf1 Nxf3 13.Nxf3 Nxc1 14.Raxc1 g6 15.c3 Bg7
16.d4 Rc8 17.e5 dxe5 18.dxe5 h5 19.g5 Rd8 20.Ke2 e6 21.Ke3 Ke7 22.c4 Rxd1
23.Rxd1 Rd8 24.Rxd8 Kxd8 25.Kf4 Bf8 26.Nd2 Kd7 27.Ne4 Be7 28.g3 Bf8 29.Ke3 Be7
30.f4 Bf8 31.Kd3 b6 32.Nf6+ Kd8 33.Kc3 a6 34.Kb3 Be7 35.Ne4 Kd7 36.Ka4 Kc6
37.Nc3 Bf8 38.Kb3 Be7 39.Kc2 Bf8 40.Ne4 Kd7 41.a3 Be7 42.a4 a5 43.Kd3 Bf8
44.Ke2 Be7 45.Kf3 Bf8 46.Kg2 Be7 47.Kh3 Bf8 48.Kh4 Be7 49.b3 Ke8 50.Nc3 Kd7
51.Ne2 Bf8 52.Kh3 Be7 53.Kg2 Bf8 54.Kf3 Be7 55.Nc3 Kc6 56.Ke4 Kd7 57.Nd1 Kc6
58.Ne3 Kd7 59.g4 hxg4 60.Nxg4 Ke8  1/2-1/2

[Event "4th Parsvnath Open"]
[Site "New Delhi IND"]
[Date "2006.01.18"]
[Round "6"]
[White "Kotsur,P"]
[Black "Arun Prasad,S"]
[Result "1-0"]
[WhiteElo "2570"]
[BlackElo "2384"]

1.e4 c5 2.Nf3 d6 3.Bb5+ Bd7 4.Bxd7+ Qxd7 5.O-O Nc6 6.Qe2 g6 7.c3 Bg7 8.Rd1 e5
9.Na3 Nge7 10.Nc2 O-O 11.b4 a6 12.a4 cxb4 13.cxb4 d5 14.Bb2 d4 15.d3 Nd8
16.Nd2 Ne6 17.Nc4 Nf4 18.Qf1 Rae8 19.Bc1 b5 20.axb5 axb5 21.Na5 Ne6 22.Qe2 Rc8
23.Ne1 Rc7 24.Qa2 Nc8 25.Bd2 Nb6 26.Rdc1 Rfc8 27.Rxc7 Rxc7 28.Rc1 Bf8 29.Rxc7 Qxc7
30.Qc2 Na4 31.Qxc7 Nxc7 32.Kf1 f6 33.Ke2 Kf7 34.Kd1 Na6 35.Nc6 Ke6 36.Nc2 Kd7
37.Na7 Nb2+ 38.Ke2 Nc7 39.f4 Bd6 40.fxe5 fxe5 41.Ne1 h5 42.Nf3 Ke6 43.Be1 Na4
44.Kd1 Na6 45.Nxb5 Bxb4 46.Bg3 N6c5 47.Nxe5 Nc3+ 48.Nxc3 Bxc3 49.h4 Kf6 50.Kc2 Be1
51.Bxe1 Kxe5 52.Bg3+ Kf6 53.Bd6 Ne6 54.Kb3 g5 55.g3 gxh4 56.gxh4  1-0

[Event "Open"]
[Site "Zagreb CRO"]
[Date "2006.01.18"]
[Round "5"]
[White "Kosanski,S"]
[Black "Zufic,M"]
[Result "0-1"]
[WhiteElo "2376"]
[BlackElo "2391"]

1.e4 c5 2.Nf3 d6 3.Bb5+ Nd7 4.c3 Nf6 5.Qe2 e6 6.d4 a6 7.Ba4 Be7 8.e5 dxe5
9.dxe5 Nd5 10.O-O b5 11.Bc2 Bb7 12.c4 bxc4 13.Qxc4 Nb4 14.Be4 Nb6 15.Qe2 Bxe4
16.Qxe4 O-O 17.Nc3 Qd3 18.Qg4 Qg6 19.Qxg6 hxg6 20.Ne1 Rfd8 21.f4 Nd3 22.b3 g5
23.Nxd3 Rxd3 24.Ne4 gxf4 25.Bxf4 a5 26.Bg5 Bxg5 27.Nxg5 Ra7 28.Rad1 Rd5 29.Rde1 a4
30.bxa4 Nxa4 31.Rb1 g6 32.Rbe1 c4 33.Rf4 Nb2 34.Ref1 f5 35.Nxe6 Rxe5 36.Nd4 Rxa2
37.R4f2 c3 38.Rc2 Ra3 39.Ne2 Na4 40.Rb1 Rd5 41.Kf2 Nc5 42.Ke3 g5 43.Rb8+ Kf7
44.Nc1 f4+ 45.Ke2 Ne6 46.Ke1 Nd4 47.Ra2 Re5+ 48.Kf1 Rxa2 49.Nxa2 c2 50.Ra8 Rb5
51.Ke1 Nb3 52.Rc8 Re5+ 53.Kf2 Nd4 54.Nc1 g4 55.Rc4 Re4 56.Rc3 Kf6 57.Rc8 Re7
58.Rc5 Rb7 59.Rd5 Nf5 60.Rc5 Rb2  0-1

[Event "Open"]
[Site "Zagreb CRO"]
[Date "2006.01.20"]
[Round "7"]
[White "Biti,O"]
[Black "Fercec,N"]
[Result "0-1"]
[WhiteElo "2359"]
[BlackElo "2512"]

1.e4 c5 2.Nf3 d6 3.Bb5+ Nc6 4.Bxc6+ bxc6 5.O-O e5 6.c3 f5 7.exf5 Bxf5 8.d4 cxd4
9.cxd4 e4 10.Re1 Be7 11.Nfd2 Nf6 12.f3 d5 13.Nc3 Qb6 14.Nb3 O-O 15.Bf4 Rf7
16.Rc1 Raf8 17.Na4 Qa6 18.Nac5 Qc8 19.Be5 exf3 20.Qxf3 Ng4 21.Qg3 h5 22.h3 h4
23.Qc3 Nf2 24.Kxf2 Bxh3+ 25.Kg1 Bxg2 26.Rc2 Bf1 27.Bh2 Qg4+ 28.Kh1 Rf2  0-1

[Event "Corus C"]
[Site "Wijk aan Zee NED"]
[Date "2006.01.21"]
[Round "7"]
[White "Jonkman,H"]
[Black "Li Shilong"]
[Result "0-1"]
[WhiteElo "2470"]
[BlackElo "2543"]

1.e4 c5 2.Nf3 d6 3.Bb5+ Nd7 4.O-O a6 5.Be2 Ngf6 6.d3 g6 7.Re1 Bg7 8.Bf1 O-O
9.a4 b6 10.c3 Bb7 11.Nbd2 e5 12.b4 Re8 13.bxc5 bxc5 14.c4 Bh6 15.Nb1 Bxc1
16.Qxc1 Rb8 17.a5 Nf8 18.Nc3 Bc8 19.Nd5 Ne6 20.Qd2 Nxd5 21.exd5 Ng7 22.Reb1 Bf5
23.Ng5 Qc7 24.g3 Rxb1 25.Rxb1 Rb8 26.Rb2 Ne8 27.Rxb8 Qxb8 28.h4 Nf6 29.Be2 Qb4
30.Nf3 e4 31.dxe4 Nxe4 32.Qe3 Qc3 33.Bd3 Nxg3 34.Qe8+ Kg7 35.Ng5 Qf6 36.fxg3 Bxd3
37.Qd7 Qf1+ 38.Kh2 Qf2+ 39.Kh3 Bf1+ 40.Kg4 h5+  0-1

[Event "2nd Bundesliga West 2005-6"]
[Site "Austria AUT"]
[Date "2006.01.22"]
[Round "8"]
[White "Froewis,G"]
[Black "Vlasak,R"]
[Result "1-0"]
[WhiteElo "2065"]
[BlackElo "2161"]

1.e4 c5 2.Nf3 d6 3.Bb5+ Nc6 4.Bxc6+ bxc6 5.O-O e5 6.c3 Ba6 7.Re1 Nf6 8.d4 cxd4
9.cxd4 Qc7 10.Nc3 Be7 11.Qa4 Bb7 12.Bg5 O-O 13.Rac1 exd4 14.Nxd4 c5 15.Nf5 h6
16.Bxh6 gxh6 17.e5 Ne8 18.exd6 Bxd6 19.Rxe8 Bxh2+ 20.Kh1 Bf4 21.Rce1 Bc6
22.Rxf8+ Rxf8 23.Qxc6 Qd8 24.Ne7+ Kg7 25.Qe4 Qd2 26.Qe2 Re8 27.g3 Bg5 28.Nf5+ Kh7
29.Ne3 Qd7 30.Qg4 Qc6+ 31.Qe4+  1-0

[Event "Winter Cup"]
[Site "Bucharest ROM"]
[Date "2006.01.22"]
[Round "9"]
[White "Golubev,M"]
[Black "Lupulescu,C"]
[Result "1/2-1/2"]
[WhiteElo "2517"]
[BlackElo "2528"]

1.e4 c5 2.Nf3 d6 3.Bb5+ Bd7 4.Bxd7+ Qxd7 5.c4 Nf6 6.Nc3 Nc6 7.d4 cxd4 8.Nxd4 Qg4
9.Qxg4 Nxg4 10.Nxc6 bxc6 11.Bf4  1/2-1/2

[Event "January OCF FIDE Open"]
[Site "Oklahoma City USA"]
[Date "2006.01.22"]
[Round "4"]
[White "Movsisyan,M"]
[Black "Sirin,A"]
[Result "1/2-1/2"]
[WhiteElo "2301"]
[BlackElo "2055"]

1.e4 c5 2.Nf3 d6 3.Bb5+ Bd7 4.Bxd7+ Nxd7 5.O-O g6 6.c3 Bg7 7.d4 Qc7 8.Bf4 e5
9.dxe5 dxe5 10.Bg5 f6 11.Be3 Ne7 12.Na3 O-O 13.Qb3+ Kh8 14.Qe6 Qc6 15.Qxc6 Nxc6
16.Rad1 Rfd8 17.Nb5 Bf8 18.Nc7 Rab8 19.Ne6 Re8 20.Nxf8 Nxf8 21.Bxc5 Ne6 22.Be3 Rbd8
23.Rfe1 Kg7 24.Kf1 Kf7 25.Rd5 Nc7 26.Rxd8 Rxd8 27.Ke2 Ke6 28.Rd1 Rxd1 29.Kxd1 Nb5
30.Kc2 Nd6 31.Nd2 b6 32.a4 h5 33.b4 f5 34.f3 Kd7 35.Kd3 Nd8 36.Nc4 N8f7 37.b5 Nxc4
38.Kxc4 Ke6 39.Kd3 Nd6 40.c4 Nb7 41.Kc3 fxe4 42.fxe4 Nc5 43.Bxc5 bxc5 44.g4 hxg4
45.a5 Kd7 46.Kd3 g3 47.hxg3 g5 48.g4 Kc7 49.Kc3 Kb7 50.Kb3 Kb8 51.Ka4 Kb7
52.b6 axb6  1/2-1/2

[Event "Classic"]
[Site "Queenstown NZL"]
[Date "2006.01.22"]
[Round "8"]
[White "Eriksson,I"]
[Black "Oliver,S"]
[Result "1-0"]
[WhiteElo "2101"]
[BlackElo "1956"]

1.e4 c5 2.Nf3 d6 3.Bb5+ Bd7 4.Bxd7+ Nxd7 5.O-O Ngf6 6.Re1 e6 7.c3 Be7 8.d3 O-O
9.Nbd2 Nb8 10.Nf1 Nc6 11.Ng3 b5 12.Ng5 h6 13.Nh3 a6 14.f4 Re8 15.Nf2 Bf8
16.Bd2 Rc8 17.Nh5 Nxh5 18.Qxh5 g6 19.Qh3 h5 20.g4 hxg4 21.Nxg4 Bg7 22.Re3 Ne7
23.Nh6+ Kf8 24.f5 exf5 25.Rf3 Qc7 26.Raf1 Qc6 27.exf5 Nxf5 28.Nxf5 gxf5 29.Rxf5 Re7
30.Bg5 Rd7 31.Bf6 Bxf6 32.Rxf6 Kg8 33.Qh6 c4 34.R1f5  1-0

[Event "Winter Open"]
[Site "Belgrade SCG"]
[Date "2006.01.25"]
[Round "5"]
[White "Starcevic,G"]
[Black "Djurdjevic,P"]
[Result "1-0"]
[WhiteElo "2179"]
[BlackElo "2037"]

1.Nf3 c5 2.e4 d6 3.Bb5+ Bd7 4.Bxd7+ Nxd7 5.O-O g6 6.c3 Bg7 7.d4 e6 8.Na3 cxd4
9.cxd4 Ne7 10.Bg5 a6 11.Nc4 Nb6 12.Na5 Rb8 13.Qb3 Na8 14.Qa3 f6 15.Bf4 e5
16.dxe5 dxe5 17.Rfd1 Qc8 18.Rac1 Qe6 19.Nd4 Qf7 20.Nc4 Nc8 21.Bg3 Bf8 22.Qa5 b6
23.Qxa6 Nc7 24.Nxe5 Nxa6 25.Nxf7 Kxf7 26.Bxb8 Bc5 27.Bg3 Ne7 28.a3 Nc8 29.b4 Be7
30.Nb5  1-0

[Event "ch-Kyiv"]
[Site "Kyiv UKR"]
[Date "2006.01.27"]
[Round "4"]
[White "Kernazhitsky,L"]
[Black "Golichenko,I"]
[Result "0-1"]
[WhiteElo "2355"]
[BlackElo "2277"]

1.e4 c5 2.Nf3 d6 3.Bb5+ Bd7 4.Bxd7+ Nxd7 5.O-O Ngf6 6.Qe2 e5 7.d3 g6 8.a4 Bg7
9.Na3 O-O 10.Nc4 Qc7 11.Bg5 d5 12.exd5 Nxd5 13.Qe4 Nb4 14.c3 f5 15.Qe2 Nd5
16.Bd2 Rfe8 17.Rfe1 h6 18.Nh4 Kh7 19.Qf3 Ne7 20.g3 Rad8 21.a5 b5 22.axb6 Nxb6
23.Na3 e4 24.Bf4 exf3 25.Bxc7 Rxd3 26.Nb5 Bf6 27.Nd6 Rf8 28.Rxa7 Nbd5 29.Nc4 g5
30.Ne5 Bxe5 31.Bxe5 gxh4 32.c4 Kg6 33.cxd5 Nxd5 34.h3 hxg3 35.Bxg3 f4 36.Ra6+ Rf6
37.Rxf6+ Kxf6 38.Bh4+ Kf5 39.Rc1 Ke6 40.Rxc5 Rd1+ 41.Kh2 Kd6 42.Rc8 Rd2 43.Rb8 Kc7
44.Rb3 Ne3 45.Rc3+ Kb7 46.b3 Nf1+ 47.Kg1 Rd1 48.Rxf3 Nd2+ 49.Kg2 Rg1+ 50.Kxg1 Nxf3+
51.Kf1 Nxh4 52.Ke2 Kc6 53.Kd3 Kd5 54.b4 Ng6 55.b5 Ne5+ 56.Kc3 Nd7 57.Kd3 Nc5+
58.Ke2 Ke4 59.b6 Nb7 60.f3+ Kd4 61.h4 h5 62.Kd2 Nc5 63.Ke2 Kc3  0-1

[Event "14th FAJR Open"]
[Site "Tehran IRI"]
[Date "2006.01.28"]
[Round "5"]
[White "Toufighi,H"]
[Black "Behmardi,K"]
[Result "1-0"]
[WhiteElo "2335"]
[BlackElo "2187"]

1.e4 c5 2.Nf3 d6 3.Bb5+ Nc6 4.O-O Bd7 5.c3 g6 6.d4 Bg7 7.dxc5 dxc5 8.Be3 Qa5
9.Bc4 Rd8 10.Nbd2 Qc7 11.Re1 Na5 12.Qe2 Nxc4 13.Qxc4 b6 14.e5 Nh6 15.Bxh6 Bxh6
16.Qh4 Bg7 17.Ne4 Bc6 18.Nd6+ Kf8 19.Nxf7 Kxf7 20.Ng5+ Ke8 21.Ne6 Qc8 22.Nxg7+ Kf7
23.e6+ Kf8 24.Qh6 Kg8 25.Nh5 gxh5 26.Re5 Rd5 27.Qg5+ Kf8 28.Qf5+ Ke8 29.Rxd5 Bxd5
30.Qxd5 Rg8 31.Qf5 Rg7 32.Rd1 Qc6 33.Rd5 h4 34.h3 Qc7 35.f3 Qg3 36.Qf8+  1-0

[Event "14th FAJR Open"]
[Site "Tehran IRI"]
[Date "2006.01.28"]
[Round "6"]
[White "Ardeshi,M"]
[Black "Dalir,F"]
[Result "1/2-1/2"]
[WhiteElo "2348"]
[BlackElo "2212"]

1.e4 c5 2.Nf3 d6 3.Bb5+ Bd7 4.Bxd7+ Qxd7 5.c4 Qg4 6.O-O Qxe4 7.d4 Qc6 8.Nc3 cxd4
9.Nxd4 Qc8 10.Re1 a6 11.Nd5 Nd7 12.Bg5 e5 13.Qa4 Rb8 14.Qa5 b6 15.Qxa6 f6
16.Qxc8+ Rxc8 17.Bd2 Rxc4 18.Nb5 Kf7 19.Be3 f5 20.Rec1 Rxc1+ 21.Rxc1 Ngf6
22.Nxb6 Nxb6 23.Bxb6 Be7 24.a4 Nd5 25.Ba7 e4 26.Rd1 Nb4 27.Nxd6+ Ke6 28.Nb5 Nd3
29.Nd4+ Kf6 30.Nc6 Bd6 31.b4 Bxb4 32.Nxb4 Nxb4 33.Rd7 Rc8 34.h4 Nc6 35.Bb6 Ne5
36.Bd4 Ke6 37.Rxg7 Ng4 38.g3 Rc4 39.Bb2 Rxa4 40.Rxh7 Rb4 41.Bh8 Rb1+ 42.Kg2 Rd1
43.Rb7 Rd2 44.Kg1 Rd1+ 45.Kg2 Rd2 46.Kg1 Nxf2 47.h5 Ng4 48.h6 Nxh6 49.Rb6+ Rd6
50.Rxd6+ Kxd6 51.Kf2 Ng4+ 52.Ke2 Ke6 53.Bc3 Nf6 54.Bd4 Kf7 55.Ba7 Nd5 56.Bb8 Kg6
57.Kf2 Kg5 58.Be5 Kg4 59.Bb8 Kg5 60.Ke2 Kf6 61.Ba7 Ke6 62.Bd4 Nf6 63.Ba7 Ng4
64.Bb6 Kd5 65.Ba7 Kc4 66.Bb6 Kc3 67.Ba7 Kc2 68.Bb6 Nf6 69.Bd4 Nd5 70.Be5 Nb4
71.Bd6 Kc3 72.Bxb4+ Kxb4 73.Ke3 Kc4 74.g4 fxg4 75.Kxe4  1/2-1/2

[Event "Gibtelecom Masters"]
[Site "Gibraltar ENG"]
[Date "2006.01.29"]
[Round "6"]
[White "Sisask,J"]
[Black "Tissir,M"]
[Result "1/2-1/2"]
[WhiteElo "2196"]
[BlackElo "2444"]

1.e4 c5 2.Nf3 d6 3.Bb5+ Nd7 4.d4 cxd4 5.Qxd4 e5 6.Qd3 Nf6 7.Bg5 Qa5+ 8.Nc3 a6
9.Bxd7+ Nxd7 10.O-O Nc5 11.Qe3 Be6 12.Nd5 Bxd5 13.exd5 Nd7 14.c4 h6 15.Bh4 Qc7
16.Rac1 g5 17.Bg3 Bg7 18.Nd4 O-O 19.Nf5 Rfe8 20.h4 f6 21.b4 b6 22.Kh2 a5
23.b5 Nc5 24.Qf3 Qd7 25.h5 Bf8 26.Qg4 Ra7 27.Rc3 Rc7 28.Re1 Qc8 29.f3 Qd7
30.Bf2 Qf7 31.Ng3 Rec8 32.Rec1 Kh8 33.Qf5 Be7 34.Kh3 Rg8 35.Kg4 Nd7 36.Ne4 Rgc8
37.a4 Rf8 38.Be3 Kg7 39.R3c2 Kh8 40.Rh1 Kg7 41.Kg3 Rfc8 42.Nd2 Bf8 43.Kf2 Re8
44.g4 Rec8 45.Rhc1 Re8 46.Ne4 Rcc8 47.Kg2 Rc7 48.Ng3 Rcc8 49.Kf1 Rc7 50.Ke2 Rcc8
51.Qe4 Rc7 52.Nf5+ Kh8 53.Kf1 Rcc8 54.Bf2 Rc7 55.Re1 Rec8 56.Rec1  1/2-1/2

[Event "Bundesliga 2005-6"]
[Site "Muelheim Nord GER"]
[Date "2006.01.29"]
[Round "9"]
[White "Kritz,L"]
[Black "Kempinski,R"]
[Result "1/2-1/2"]
[WhiteElo "2561"]
[BlackElo "2619"]

1.e4 c5 2.Nf3 d6 3.Bb5+ Bd7 4.Bxd7+ Qxd7 5.c4 g6 6.d4 cxd4 7.Nxd4 Bg7 8.Nc3 Nf6
9.O-O O-O 10.f3 Rc8 11.b3 d5 12.exd5 Nxd5 13.Nxd5 e6 14.Bh6 exd5 15.Bxg7 Kxg7
16.cxd5 Qxd5 17.Ne2  1/2-1/2

[Event "14th FAJR Open"]
[Site "Tehran IRI"]
[Date "2006.01.29"]
[Round "8"]
[White "Ardeshi,M"]
[Black "Kotanjian,T"]
[Result "1-0"]
[WhiteElo "2348"]
[BlackElo "2471"]

1.e4 c5 2.Nf3 d6 3.Bb5+ Nd7 4.d4 Nf6 5.Nc3 cxd4 6.Qxd4 g6 7.Bg5 Bg7 8.O-O-O O-O
9.e5 dxe5 10.Nxe5 Qa5 11.Nc4 Qc7 12.Bf4 Qc5 13.Be5 Qxd4 14.Bxd4 e6 15.Bxd7 Nxd7
16.Bxg7 Kxg7 17.Nd6 Nf6 18.f3 b6 19.Rhe1 Bd7 20.Rd4 Bc6 21.Rc4 Bd5 22.Rc7 a6
23.Nce4 Rad8 24.Ra7 Ra8 25.Rc7 Rad8 26.Ra7 Nxe4 27.Nxe4 Ra8 28.Rxa8 Rxa8
29.b3 f5 30.Nc3 Kf6 31.Nxd5+ exd5 32.Kd2 f4 33.Kd3 Rc8 34.c3 Rc6 35.Re8 Re6
36.Ra8 a5 37.Ra6 Kf5 38.a4 g5 39.b4 Re3+ 40.Kd4 Re2 41.Rxb6 Rxg2 42.bxa5 Ra2
43.Rb4 Rxh2 44.Kc5 Rh6 45.Rb6 Rh1 46.a6  1-0

[Event "Open"]
[Site "Moscow RUS"]
[Date "2006.01.30"]
[Round "2"]
[White "Zilbert,O"]
[Black "Gabrielian,A"]
[Result "1/2-1/2"]
[WhiteElo "2370"]
[BlackElo "2490"]

1.e4 c5 2.Nf3 d6 3.Bb5+ Bd7 4.Bxd7+ Qxd7 5.O-O Nf6 6.e5 dxe5 7.Nxe5 Qc8 8.a4 Nc6
9.Nxc6 Qxc6 10.d3 e6 11.Nd2 Be7 12.Nc4 O-O 13.b3 Nd5 14.Bb2 Bf6 15.Bxf6 Nxf6
16.Re1 Rad8 17.Re3 Rd4 18.Qe2 Nd5 19.Ne5 Qc7 20.Rg3 Nf4 21.Qe3 f6 22.c3 Nd5
23.Qe1 Rf4 24.Nc4 e5 25.Ne3 Qd7 26.Rh3 Rd8 27.Rc1 b6 28.Qe2 g6 29.Qa2 Kg7
30.Nxd5 Qxd5 31.Re3 a5 32.Rce1 h5 33.Qc2 Rd7 34.f3 g5 35.Rf1 g4 36.fxg4 hxg4
37.Qe2 Kf7 38.Rb1 Rd8 39.h3 gxh3 40.Qh5+ Ke7 41.Qxh3 Rg8 42.Rg3 Rxg3 43.Qxg3 Kd6
44.Rb2 Rf5 45.Qh3 Rf4 46.Qh8 Ke7 47.Qh7+ Qf7 48.Qh6 Rf5 49.Qe3 Qh5 50.Re2 Rf4
51.Qxf4 Qxe2 52.Qc4 Qe1+ 53.Kh2 f5 54.g3 Kf6 55.Qh4+ Kg6 56.Qe7 Qe2+ 57.Kh3 Qh5+
58.Kg2 Qe2+ 59.Kh3 Qh5+ 60.Kg2 Qe2+  1/2-1/2

[Event "11th HIT Open A"]
[Site "Nova Gorica SLO"]
[Date "2006.01.30"]
[Round "6"]
[White "Pavasovic,D"]
[Black "Cvitan,O"]
[Result "1-0"]
[WhiteElo "2535"]
[BlackElo "2528"]

1.e4 c5 2.Nf3 d6 3.Bb5+ Bd7 4.Bxd7+ Qxd7 5.O-O Nf6 6.Re1 Nc6 7.c3 e6 8.d4 cxd4
9.cxd4 d5 10.e5 Ne4 11.Nbd2 Nxd2 12.Bxd2 Be7 13.Rc1 O-O 14.Rc3 Rac8 15.a3 f6
16.exf6 Bxf6 17.Bf4 Bxd4 18.Nxd4 Rxf4 19.Nxe6 Rf6 20.Rce3 d4 21.Re4 Qd5 22.Nxg7 Rcf8
23.Ne6 R8f7 24.Nxd4 Rxf2 25.Qg4+ Kh8 26.Nf3  1-0

[Event "ch-GER"]
[Site "Osterburg GER"]
[Date "2006.02.03"]
[Round "1"]
[White "Becker,Mi1"]
[Black "Naumann,A"]
[Result "1/2-1/2"]
[WhiteElo "2320"]
[BlackElo "2532"]

1.e4 c5 2.Nf3 d6 3.Bb5+ Nc6 4.O-O Bd7 5.c3 Nf6 6.Re1 a6 7.Ba4 b5 8.Bc2 e5
9.d3 Be7 10.Nbd2 O-O 11.Nf1 Qc7 12.Bg5 Be6 13.Ne3 Na5 14.Nd2 h6 15.Bh4 Nh7
16.Bxe7 Qxe7 17.Ndf1 Rfd8 18.Ng3 g6 19.Qd2 Qg5 20.d4 cxd4 21.cxd4 Nc4 22.Nxc4 Bxc4
23.Re3 Be6 24.Bb3 Bxb3 25.axb3 Nf6 26.Rd1 Rdc8 27.h3 Rc6 28.Nf5 Nxe4 29.Nxh6+ Qxh6
30.Rxe4 Qxd2 31.Rxd2 f5 32.Re1 e4 33.d5 Rc5 34.f3 Re8 35.fxe4 fxe4 36.Rd4 Rc2
37.Rdxe4 Rxe4 38.Rxe4 Rxb2 39.Re6 Rxb3 40.Rxd6 a5 41.Rxg6+ Kf7 42.Ra6 a4
43.h4 Rd3 44.d6 a3 45.h5 b4 46.Ra7+ Kg8 47.d7 Rxd7 48.Rxd7 b3 49.Rd3 a2 50.Rxb3 a1=Q+
51.Kh2 Qe5+ 52.Kg1 Qd4+ 53.Kh2 Qd6+ 54.Rg3+ Kh7 55.Kh3 Qe6+ 56.Kh4 Qe1 57.Kg4 Qe2+
58.Kh4 Qf2 59.Kh3 Qf5+ 60.Kh4 Qe5 61.Kg4 Qe2+ 62.Kh4 Qf2 63.Kh3 Kh6 64.Rf3 Qg1
65.Rf5 Qb1 66.Rf3 Qh1+ 67.Kg3 Qg1 68.Rf5 Qb1 69.Rf3 Kxh5 70.Kf2 Kg4 71.Rg3+ Kf4
72.Rf3+ Ke4 73.Rh3 Qc1 74.Rf3  1/2-1/2

[Event "ch-UKR b-20"]
[Site "Lviv UKR"]
[Date "2006.02.04"]
[Round "3"]
[White "Yaremko,N"]
[Black "Oleksienko,M"]
[Result "0-1"]
[WhiteElo "2246"]
[BlackElo "2509"]

1.e4 c5 2.Nf3 d6 3.Bb5+ Nd7 4.O-O Nf6 5.Re1 a6 6.Bf1 b6 7.c4 Bb7 8.Nc3 e6
9.d4 cxd4 10.Nxd4 Be7 11.b3 O-O 12.Bb2 Qc7 13.Rc1 Rad8 14.g3 Qb8 15.Bg2 Rfe8
16.Qc2 Bf8 17.Rcd1 Ne5 18.f4 Nc6 19.Nf3 d5 20.exd5 exd5 21.Rxe8 Rxe8 22.Nxd5 Nxd5
23.cxd5 Nb4 24.Qd2 Nxd5 25.Ne5 Bb4 26.Bxd5 Bxd2 27.Bxf7+ Kh8 28.Bxe8 Qxe8
29.Rxd2 Kg8 30.Rd7 Qc8 31.Rd2 h6 32.Kf2 Qc5+ 33.Ke2 Qg1 34.Kd3 Qb1+ 35.Kc3 Qxa2
36.Rd8+ Kh7 37.f5 Qa5+ 38.Kd3 Qe1 39.Nf7 Qf1+ 40.Ke3 Qf3+ 41.Kd4 Qf2+ 42.Ke5 Qxb2+
43.Kf4 Qf2+ 44.Kg4 Bf3+  0-1

[Event "ch-GER"]
[Site "Osterburg GER"]
[Date "2006.02.04"]
[Round "2"]
[White "Meier,Geo"]
[Black "Schuetze,N"]
[Result "1-0"]
[WhiteElo "2424"]
[BlackElo "2161"]

1.e4 c5 2.Nf3 d6 3.Bb5+ Bd7 4.Bxd7+ Qxd7 5.c4 Nc6 6.d4 cxd4 7.Nxd4 g6 8.Nc3 Bg7
9.Nde2 Nf6 10.f3 O-O 11.O-O a6 12.a4 Qd8 13.Kh1 Qa5 14.Rb1 Nd7 15.Bd2 Qc5
16.b3 Nde5 17.Nd5 e6 18.b4 Qa7 19.Be3 Qb8 20.Nb6 a5 21.b5 Nb4 22.Nxa8 Nxc4
23.Bd4 e5 24.Nb6  1-0

[Event "ch-UKR g-20"]
[Site "Lviv UKR"]
[Date "2006.02.05"]
[Round "4"]
[White "Dolzhikova,K"]
[Black "Chulivska,V"]
[Result "1/2-1/2"]
[WhiteElo "2284"]
[BlackElo "2279"]

1.e4 c5 2.Nf3 d6 3.Bb5+ Bd7 4.Bxd7+ Qxd7 5.c4 Nc6 6.d4 cxd4 7.Nxd4 Nf6 8.Nc3 e6
9.Be3 Be7 10.f3 O-O 11.Qd2 Ne5 12.b3 Rac8 13.O-O d5 14.exd5 exd5 15.Nxd5 Nxd5
16.cxd5 Rfd8 17.Rad1 Qxd5 18.Nf5 Qe6 19.Nxe7+ Qxe7 20.Qe2 Ng6 21.Kf2 a6 22.Rfe1 Rxd1
23.Rxd1 h6 24.Qd2  1/2-1/2

[Event "ch-UKR b-20"]
[Site "Lviv UKR"]
[Date "2006.02.06"]
[Round "5"]
[White "Yaremko,N"]
[Black "Onischuk,V"]
[Result "0-1"]
[WhiteElo "2246"]
[BlackElo "2362"]

1.e4 c5 2.Nf3 d6 3.Bb5+ Bd7 4.Bxd7+ Qxd7 5.O-O Nc6 6.c3 Nf6 7.d4 cxd4 8.cxd4 d5
9.e5 Ng8 10.Nc3 e6 11.Qd3 Nge7 12.a3 Nc8 13.Be3 Nb6 14.Nd2 O-O-O 15.f4 g6
16.Qb5 Kb8 17.a4 Nb4 18.Qe2 Rc8 19.Rfc1 Nc4 20.b3 Nxd2 21.Bxd2 Be7 22.Nd1 Nc2
23.Ra2 Nxd4 24.Qd3 Rxc1 25.Bxc1 Nc6 26.Bd2 Rc8 27.Rc2 a6 28.Ne3 Nb4 29.Bxb4 Bxb4
30.Kf1 Rxc2 31.Nxc2 Be7 32.Ke2 Qc6 33.Kd2 Qb6 34.Qe3 Bc5 35.Qf3 h5 36.g3 Bg1
37.h3 Qf2+ 38.Qxf2 Bxf2 39.g4 hxg4 40.hxg4 Bg3 41.Ke3 g5 42.fxg5 Bxe5 43.Nd4 Kc7
44.Nf3 Kd6 45.Nh4 Ke7 46.g6 Bf6 47.Kf4 fxg6 48.g5 e5+ 49.Kg4 Bg7 50.Nxg6+ Ke6
51.Nh4 e4 52.Nf5 Be5 53.g6 d4 54.g7 Kf7 55.a5 Bxg7 56.Nd6+ Ke6 57.Nxe4 Kd5
58.Kf3 Be5 59.Nd2 Bd6 60.Nc4 Bb4 61.Kf4 Bc5 62.Nb2 d3 63.Nxd3 Kd4 64.Nf2 Bb4
65.Kf5 Bxa5 66.Ke6 Be1 67.Nd1 b5 68.Kd6 a5 69.Nb2 Kc3 70.b4 Kxb2 71.bxa5 Bxa5
72.Kc5 b4 73.Kc4  0-1

[Event "ch-CUB sf"]
[Site "Santa Clara CUB"]
[Date "2006.02.07"]
[Round "3"]
[White "Pozo Vera,S"]
[Black "Vera,R"]
[Result "1/2-1/2"]
[WhiteElo "2369"]
[BlackElo "2497"]

1.e4 c5 2.Nf3 d6 3.Bb5+ Bd7 4.Bxd7+ Qxd7 5.O-O Nf6 6.Qe2 Nc6 7.c3 e6 8.d4 cxd4
9.cxd4 d5 10.e5 Ng8 11.Be3 Nge7 12.Nc3 Nf5 13.Rac1 Be7 14.g4 Nxe3 15.fxe3 O-O
16.e4 dxe4 17.Qxe4 Rad8 18.Rfd1 f6 19.Kg2 a6 20.h3 fxe5 21.dxe5 Qc8 22.Ne2 Rxd1
23.Rxd1 Rd8 24.Rxd8+ Nxd8  1/2-1/2

[Event "ch-CZE"]
[Site "Brno CZE"]
[Date "2006.02.08"]
[Round "2"]
[White "Jansa,Vl"]
[Black "Stocek,J"]
[Result "1/2-1/2"]
[WhiteElo "2521"]
[BlackElo "2580"]

1.e4 c5 2.Nf3 d6 3.Bb5+ Nd7 4.d4 cxd4 5.Qxd4 a6 6.Bxd7+ Bxd7 7.Bg5 f6 8.Be3 e6
9.O-O Ne7 10.Nbd2 Nc6 11.Qd3 b5 12.Rfd1 Rc8 13.c4 Na5 14.cxb5 Bxb5 15.Qb1 Nc4
16.Nxc4 Bxc4 17.Nd2 Be2 18.Re1 Bb5 19.a4 Bc6 20.Qd3 d5 21.Qxa6 Kf7 22.Rac1 Qd7
23.exd5 Qxd5 24.Nf3 Be7 25.Red1 Qb3 26.a5 Bd5 27.Qb6 Qa4 28.Ra1 Qc4 29.Rd4 Qc5
30.Qxc5 Bxc5 31.Rdd1 Bxe3 32.fxe3 Rb8 33.Rd2 Rb4 34.a6 Ra8 35.e4 Rxe4 36.Nd4 Ke7
37.b4 Kd6 38.b5 Kc5 39.Ra4 Re1+ 40.Kf2 Rb1 41.a7 e5 42.Rc2+ Kb6 43.Ra6+ Kb7
44.Rd6 exd4 45.Rxd5 Rxa7 46.Rxd4 Rxb5 47.Rd7+  1/2-1/2